000 00441nmm a2200157Ia 4500
008 251105s9999||||xx |||||||||||||||||und||
020 _a9789580612513
041 _aspa
100 _aBallesteros, Jaime Andrés
245 0 _aEl guionista
264 _a[Bogotá, Colombia] :
_bOveja Negra,
_c2014
300 _a289 páginas
650 _aLatin American narrative
856 _uhttps://public.digitaliapublishing.com/a/37817
942 _cCF
999 _c94910
_d94910